[Event "HCL-B276"]
[Site "www.playchess.de"]
[Date "2001.04.19"]
[Round "4"]
[White "pj287"]
[Black "CHARON"]
[WhiteElo "1408"]
[BlackElo "1557"]
[PlyCount "33"]
[Result "1-0"]

1.e4 {Hi from Port Jervis,NY.}  e5 2.Nf3 Nc6 3.Bb5 
a6 4.Bxc6 dxc6 5.O-O f6 6.d4 exd4 7.Qxd4 Qxd4 
8.Nxd4 Bd7 9.Nc3 O-O-O 10.Nb3 Bd6 11.Be3 b6 12.a4 
g5 13.f4 h6 14.Rad1 Ne7 15.f5 h5 16.Bxb6 Kb7 
17.Bc5 1-0

[Event "HCL-B284"]
[Site "www.playchess.de"]
[Date "2001.04.19"]
[Round "5"]
[White "mepms"]
[Black "rvvillal"]
[WhiteElo "1500"]
[BlackElo "1500"]
[PlyCount "39"]
[Result "1-0"]

1.e4 {Hola}  e6 {Hola, mucha suerte...}  2.d4 d5 
3.Nd2 Bb4 4.c3 Ba5 5.Qa4+ Nc6 6.Bd3 Qg5 7.Ngf3 
Qxg2 8.Rg1 Qh3 9.Rg3 Qh6 10.Nc4 Qf6 11.Nce5 Qe7 
12.Nxc6 Qd6 13.Nxa5+ Bd7 14.Qc2 Rb8 15.Ne5 g6 
16.Nxf7 Kxf7 17.e5 Qe7 18.Bxg6+ hxg6 19.Qxg6+ Kf8 
20.Rf3+ 1-0

[Event "HCL-C279"]
[Site "www.playchess.de"]
[Date "2001.04.19"]
[Round "30"]
[White "jpechie"]
[Black "ZenPuppie"]
[WhiteElo "1000"]
[BlackElo "897"]
[PlyCount "52"]
[Result "0-1"]

1.e4 e5 2.Nf3 d6 3.d4 Nd7 4.Bc4 h6 5.dxe5 dxe5 
6.Nc3 Bc5 7.O-O Ngf6 8.Re1 Qe7 9.h3 O-O 10.Bd5 c6 
11.Bc4 Nb6 12.Qd3 Rd8 13.Qe2 Be6 14.Nxe5 Rd4 15.a3 
Nxc4 16.Nxc4 Bxc4 17.Qf3 Re8 18.b3 Ba6 19.Bb2 Nxe4 
20.Na4 Nd2 {here goes nuthin...(fyi i'm away 4 the 
weekend)}  21.Rxe7 Nxf3+ 22.gxf3 Rxe7 23.Bxd4 Bxd4 
24.Rd1 Be5 25.Nc5 Be2 26.Nxb7 Bxd1 {huh?} 
 0-1

[Event "HCL-B287"]
[Site "www.playchess.de"]
[Date "2001.04.19"]
[Round "5"]
[White "craigsadler"]
[Black "scylla"]
[WhiteElo "815"]
[BlackElo "1501"]
[PlyCount "48"]
[Result "0-1"]

1.e4 e5 2.Nf3 Nc6 3.Bc4 Nf6 4.Ng5 d5 5.exd5 Nxd5 
6.d4 exd4 7.O-O Be7 8.Re1 O-O 9.Qh5 Bxg5 10.Bxg5 
Nf6 11.Bxf6 Qxf6 12.Bxf7+ Qxf7 13.Qxf7+ Rxf7 
14.Re8+ Rf8 15.Re1 Bf5 16.Re2 Nb4 17.Na3 d3 
18.cxd3 Bxd3 19.Re7 Rf7 20.Ree1 Raf8 21.Rad1 R7xf2 
22.Nb1 Nc2 23.Re7 R2f1+ {it's mate in one}  
24.Rxf1 Rxf1+ 0-1

[Event "HCL-C277"]
[Site "www.playchess.de"]
[Date "2001.04.19"]
[Round "12"]
[White "Solution"]
[Black "Coney"]
[WhiteElo "1000"]
[BlackElo "1167"]
[PlyCount "40"]
[Result "0-1"]

1.c4 e5 2.e4 Nf6 3.Nf3 Nc6 4.Nc3 Bc5 5.Qe2 Bd4 
6.b4 Nxb4 7.a3 Nc2+ 8.Kd1 Nxa1 9.c5 Bxc3 10.dxc3 
O-O 11.Nxe5 Re8 12.Qc4 Rxe5 13.Bd3 d5 14.Qa2 dxe4 
15.Re1 Qxd3+ 16.Bd2 e3 17.fxe3 Bg4+ 18.Kc1 Ne4 
19.Rf1 Be6 20.Qb2 Qxf1+ 0-1

[Event "ACL-A157"]
[Site "www.playchess.de"]
[Date "2001.04.19"]
[Round "3"]
[White "damon"]
[Black "chico"]
[WhiteElo "1500"]
[BlackElo "1759"]
[PlyCount "47"]
[Result "1-0"]

1.e4 e5 2.Nf3 d6 3.d4 exd4 4.Nxd4 c5 5.Bb5+ Bd7 
6.Bxd7+ Qxd7 7.Nf5 Nf6 8.Nc3 Nc6 9.f3 h6 10.O-O g6 
11.Ne3 Be7 12.Ncd5 Nxd5 13.Nxd5 b6 14.Bd2 O-O-O 
15.c4 Nd4 16.Bc3 Rdf8 17.b4 f6 18.Bxd4 cxd4 
19.Qxd4 Rf7 20.a4 Qc6 21.a5 Bd8 22.axb6 Bxb6 
23.Nxb6+ Qxb6 24.Qxb6 1-0

[Event "HCL-B290"]
[Site "www.playchess.de"]
[Date "2001.04.19"]
[Round "1"]
[White "craigsadler"]
[Black "bundori"]
[WhiteElo "815"]
[BlackElo "1686"]
[PlyCount "60"]
[Result "0-1"]

1.e4 e6 2.d4 d5 3.Nc3 Bb4 4.e5 c5 5.a3 Bxc3+ 
6.bxc3 Ne7 7.Qg4 Qc7 8.Qxg7 Rg8 9.Qxh7 cxd4 10.Bd2 
Qxe5+ 11.Be2 dxc3 12.Be3 Qf5 13.Qxf5 Nxf5 14.Bf3 
d4 15.Bf4 f6 16.Ne2 e5 17.Bc1 Nd7 18.O-O Nc5 19.g3 
Be6 20.a4 O-O-O 21.Ba3 Nxa4 22.Rab1 Bd5 23.Bxd5 
Rxd5 24.Nc1 e4 25.Nb3 Nh4 26.Rfd1 d3 27.Rdc1 Kd7 
28.cxd3 exd3 29.Rxc3 Nxc3 30.Nc5+ 
Rxc5 0-1

[Event "HCL-B290"]
[Site "www.playchess.de"]
[Date "2001.04.19"]
[Round "5"]
[White "marvinni"]
[Black "bundori"]
[WhiteElo "1500"]
[BlackElo "1686"]
[PlyCount "58"]
[Result "0-1"]

1.e4 e6 2.d3 c5 3.Nf3 Nc6 4.g3 g6 5.Bg2 Bg7 6.O-O 
Nge7 7.Re1 d6 8.Nbd2 O-O 9.c3 e5 10.a4 h6 11.Nc4 
Be6 12.Nfd2 f5 13.exf5 gxf5 14.f4 Qd7 15.Qe2 Rae8 
16.Nb3 b6 17.fxe5 dxe5 18.a5 Bxc4 19.dxc4 e4 
20.axb6 axb6 21.Rd1 Qe6 22.g4 fxg4 23.Bxe4 Ng6 
24.Re1 Kh8 25.Bd2 Nce5 26.Ra6 Nh4 27.Kh1 Nhf3 
28.Bxf3 gxf3 29.Qe4 Qh3 0-1

[Event "HCL-B290"]
[Site "www.playchess.de"]
[Date "2001.04.19"]
[Round "7"]
[White "vijal"]
[Black "craigsadler"]
[WhiteElo "739"]
[BlackElo "815"]
[PlyCount "65"]
[Result "1-0"]

1.d4 c6 2.e4 d5 3.exd5 cxd5 4.Nf3 Nf6 5.Bf4 Bf5 
6.c4 Bxb1 7.Qxb1 e6 8.a3 Nc6 9.cxd5 Nxd5 10.Qe4 
Bd6 11.Bg3 Qa5+ 12.Nd2 Bxg3 13.hxg3 O-O 14.Bd3 g6 
15.b4 Ncxb4 16.O-O Nxd3 17.Qxd3 Rac8 18.Rfc1 Rxc1+ 
19.Rxc1 b6 20.Ne4 f5 21.Ng5 Re8 22.Nf3 a6 23.Re1 
Kf7 24.Ne5+ Kf6 25.Rc1 b5 26.Nd7+ Ke7 27.Nc5 Rc8 
28.Qe2 Rc6 29.Re1 Nc7 30.Qe5 Qxa3 31.Qg7+ Kd8 
32.Qf8+ Ne8 33.Nxe6+ 1-0

[Event "ACL-A156"]
[Site "www.playchess.de"]
[Date "2001.04.19"]
[Round "1"]
[White "surge"]
[Black "fossa"]
[WhiteElo "1500"]
[BlackElo "1500"]
[PlyCount "35"]
[Result "1-0"]

1.Nf3 e6 2.d4 c5 3.g3 Nc6 4.Bg2 Qa5+ 5.c3 cxd4 
6.b4 Qb5 7.a4 Qc4 8.Nfd2 Qa6 9.b5 Qa5 10.Nb3 Qc7 
11.bxc6 bxc6 12.Nxd4 Ba6 13.O-O Qe5 14.Nxc6 dxc6 
15.Bxc6+ Ke7 16.Bxa8 Nf6 17.Ba3+ Ke8 
18.Bc6+ 1-0

[Event "ACL-A152"]
[Site "www.playchess.de"]
[Date "2001.04.19"]
[Round "1"]
[White "fossa"]
[Black "pirco"]
[WhiteElo "1500"]
[BlackElo "1854"]
[PlyCount "50"]
[Result "0-1"]

1.e3 d5 2.c4 c6 3.Nc3 Nf6 4.Qb3 dxc4 5.Qxc4 e5 
6.Nf3 Bd6 7.Ng5 O-O 8.Nce4 Nxe4 9.Nxe4 Be6 10.Qd3 
Be7 11.Qxd8 Rxd8 12.b3 Nd7 13.Bb2 f5 14.Ng3 Bb4 
15.Rc1 Nb6 16.Rc2 f4 17.exf4 exf4 18.Ne4 Rde8 
19.Kd1 Bxb3 20.axb3 Rxe4 21.Bc4+ Nxc4 22.bxc4 Rae8 
23.Bc3 Rxc4 24.Bxb4 Rxb4 25.Re1 
Rb1+ 0-1

[Event "HCL-C285"]
[Site "www.playchess.de"]
[Date "2001.04.19"]
[Round "12"]
[White "MmeAicha"]
[Black "docdds"]
[WhiteElo "1000"]
[BlackElo "603"]
[PlyCount "57"]
[Result "1-0"]

1.e4 e6 2.d4 {good luck :-)}  d5 {good skill; 
where is Mali?}  3.Nc3 {westafrica, its hot, like 
me :-)}  Bb4 {that's waaaayy cool!}  4.Bd2 {no not 
cool, very hooot :-)}  b6 5.exd5 {35-40 Celsius}  
exd5 {you are hot!!}  6.a3 {me? no no}  Be7 {mais 
oui. certainment!}  7.Nf3 {pourqui?}  Ba6 8.Bxa6 
Nxa6 9.Qe2 c5 10.Qxa6 {maybe I am hot :-))}  Nf6 
{are you an aristocrat?}  11.Qb5+ {why?}  Nd7 {i 
looked up your country; you are not one of the 
masses}  12.Ne5 {surely :-)}  a6 13.Qxd7+ Qxd7 
14.Nxd7 Kxd7 15.Nxd5 Rad8 16.Nxb6+ Kc6 {i imagine 
a queen beating me up}  17.dxc5 Bxc5 {please queen 
Aicha, cause me no more pain!}  18.Nc4 {think you 
like pain :-))}  Rhe8+ {not true, queenie}  19.Ne3 
{:-)}  f5 {maybe you are a princess, n'est ce 
pas?}  20.O-O-O {so u like joking! u can have my 
photo when u win!!}  f4 {i'm afraid with my 
position, i will never see that picture}  21.Nf5 
g6 22.Nh6 {maybe u get it anyway, if you give up 
soon :-))}  g5 {i see, i see, said the blind man}  
23.Nf7 {:-))}  Rd5 24.h4 {:-)}  Bxf2 25.hxg5 Re2 
26.Rh6+ Kb5 27.Nd6+ Kc5 {i fear the end is near; 
if u see fit to grace me with your pic, i'm at 
ajinla21@hotmail.com}  28.Bb4+ {ICQ# 105510866}  
Kc6 {what is ICQ#?}  29.Ne4+ {worldwide 
komminucation, download it, and you have 110mio 
contacts.}  1-0

[Event "HCL-A133"]
[Site "www.playchess.de"]
[Date "2001.04.19"]
[Round "10"]
[White "vrad"]
[Black "myosotis1984"]
[WhiteElo "1852"]
[BlackElo "1170"]
[PlyCount "55"]
[Result "1-0"]

1.e4 e5 2.Nf3 Nc6 3.Bb5 a6 4.Bxc6 dxc6 5.h3 Bd6 
6.O-O Nf6 7.Re1 O-O 8.d3 Ne8 9.Nbd2 f5 10.exf5 
Bxf5 11.Nxe5 Qf6 12.Ndf3 Bxe5 13.Nxe5 Nd6 14.f3 
Rae8 15.d4 c5 16.dxc5 Rxe5 17.Rxe5 Qxe5 18.cxd6 
cxd6 19.c3 Bxh3 20.f4 Qc5+ 21.Qd4 Bf5 22.Be3 b6 
23.Rd1 Rf6 24.Kf2 Bc2 25.Rd2 Bg6 26.Qxf6 gxf6 
27.Bxc5 dxc5 28.Rd6 1-0

[Event "HCL-E053"]
[Site "www.playchess.de"]
[Date "2001.04.19"]
[Round "11"]
[White "peze"]
[Black "Ryszard"]
[WhiteElo "2052"]
[BlackElo "2000"]
[PlyCount "61"]
[Result "1-0"]

1.e4 e5 2.Nf3 Nc6 3.Bb5 a6 4.Ba4 Nf6 5.O-O Be7 
6.Re1 b5 7.Bb3 d6 8.c3 O-O 9.h3 Na5 10.Bc2 c5 
11.d4 exd4 12.cxd4 Bb7 13.Nbd2 Qc7 14.d5 c4 15.b4 
cxb3 16.axb3 Qc3 17.Ra2 Rfc8 18.Nb1 Qc7 19.Bd2 
Nxb3 20.Bxb3 Nd7 21.Ba5 Qc5 22.Nd4 Bf6 23.Nf5 Ne5 
24.Rc2 Nc4 25.Bc3 Bxc3 26.Rxc3 Qb6 27.Ne7+ Kf8 
28.Nxc8 Rxc8 29.Bxc4 bxc4 30.Nd2 Qb4 
31.Qa1 1-0

[Event "HCL-C290"]
[Site "www.playchess.de"]
[Date "2001.04.19"]
[Round "5"]
[White "Manolito_Gafotas"]
[Black "Henri"]
[WhiteElo "1000"]
[BlackElo "1000"]
[PlyCount "41"]
[Result "1-0"]

1.e4 e5 {Bonjour et Bonne Partie Henri}  2.Nf3 Nc6 
3.Nc3 Nf6 4.Bb5 Bb4 5.O-O O-O 6.d3 a6 7.Bxc6 dxc6 
8.Nxe5 Bc5 9.Bg5 Be7 10.h3 h6 11.Bh4 Be6 12.Ne2 g5 
13.Bg3 Bd6 14.Nd4 Bd7 15.Nxd7 Nxd7 16.Nf5 Qf6 
17.Qh5 Rfe8 {bien joué !!}  18.Nxh6+ {merci!}  Kf8 
19.f4 gxf4 20.Bxf4 Bxf4 21.Rxf4 1-0

[Event "HCL-B299"]
[Site "www.playchess.de"]
[Date "2001.04.19"]
[Round "9"]
[White "Elrond"]
[Black "gktyro"]
[WhiteElo "1669"]
[BlackElo "1500"]
[PlyCount "67"]
[Result "1-0"]

1.e4 d6 2.d4 Nf6 3.Nc3 g6 4.f4 c6 5.Nf3 Bg7 6.Bc4 
b5 7.Bd3 Nbd7 8.O-O O-O 9.e5 Ne8 10.b3 f5 11.Bb2 
Nb6 12.Ne2 Bb7 13.c4 a6 14.Qc2 e6 15.exd6 Nf6 
16.Ne5 Nfd7 17.c5 Nd5 18.Qd2 N7f6 19.Ng3 Bc8 
20.Nxc6 Qd7 21.Ne5 Qd8 22.Rac1 b4 23.Nc6 Qd7 
24.Nxb4 Nxb4 25.Qxb4 Nd5 26.Qd2 Qc6 27.Be2 Bb7 
28.Bf3 Rfe8 29.Rfe1 Kf7 30.Ne2 Bh6 31.Rc2 Rab8 
32.g3 e5 33.dxe5 Re6 34.Nd4 1-0

[Event "HCL-B300"]
[Site "www.playchess.de"]
[Date "2001.04.19"]
[Round "10"]
[White "jamesaitchy"]
[Black "Michael_Schenk"]
[WhiteElo "1200"]
[BlackElo "1316"]
[PlyCount "50"]
[Result "0-1"]

1.e4 c6 2.d4 d5 3.exd5 cxd5 4.Nc3 Nc6 5.g3 e5 
6.dxe5 Bb4 7.Nge2 d4 8.a3 Qa5 9.Bf4 Bxc3+ 10.Nxc3 
dxc3 11.b3 Nge7 12.Qh5 Bf5 13.Bc4 Nxe5 14.O-O Nxc4 
15.bxc4 O-O 16.Rfe1 Rfe8 17.Re5 g6 18.Qg5 Qd8 
19.Ree1 Nc6 20.Qh6 Nd4 21.Re5 Nf3+ 22.Kg2 Nxe5 
23.Re1 Nxc4 24.Rxe8+ Qxe8 25.Bc7 
Qc6+ 0-1

[Event "HCL-A131"]
[Site "www.playchess.de"]
[Date "2001.04.19"]
[Round "2"]
[White "KnightCap"]
[Black "Matti"]
[WhiteElo "1700"]
[BlackElo "1597"]
[PlyCount "33"]
[Result "1-0"]

1.d4 d5 {I wish you a good game!}  2.c4 {Yes - I 
wish you a great game too.  May the best player 
win!}  c6 3.cxd5 cxd5 4.Nf3 Nf6 5.Nc3 Nc6 6.Bf4 a6 
7.Rc1 Bg4 8.Ne5 e6 9.f3 Bf5 10.g4 Bg6 11.h4 h5 
12.Nxg6 fxg6 13.g5 Nd7 14.Bh3 Qb6 15.Bxe6 Nxd4 
16.Nxd5 Bb4+ 17.Kf1 1-0

[Event "HCL-A131"]
[Site "www.playchess.de"]
[Date "2001.04.19"]
[Round "9"]
[White "teenspirit"]
[Black "KnightCap"]
[WhiteElo "1697"]
[BlackElo "1700"]
[PlyCount "24"]
[Result "0-1"]

1.Nc3 {Hi}  c5 {Hello and all the best}  2.e4 
{Good luck on tourney!}  g6 3.f4 Bg7 4.Nf3 Nc6 
5.Bc4 e6 6.O-O Nge7 7.b3 a6 8.a4 d5 9.exd5 exd5 
10.Be2 d4 11.Ne4 d3 12.Bxd3 Bxa1 0-1

[Event "HCL-A131"]
[Site "www.playchess.de"]
[Date "2001.04.19"]
[Round "20"]
[White "waz2000"]
[Black "teenspirit"]
[WhiteElo "1895"]
[BlackElo "1697"]
[PlyCount "55"]
[Result "1-0"]

1.Nf3 {Good luck!}  e6 {Thx. U too.}  2.d4 c5 3.e4 
cxd4 4.Nxd4 a6 5.Nc3 Qc7 6.Be2 Nf6 7.Bg5 Be7 8.O-O 
d6 9.Qd3 b5 10.a4 b4 11.Nb1 Bb7 12.Nd2 Nbd7 
13.Rfc1 Nc5 14.Qc4 Nfxe4 15.Nxe4 Bxe4 16.Bxe7 Qxe7 
17.f3 Bd5 18.Qxb4 O-O 19.Qd2 Qb7 20.b4 Nd7 21.c4 
Bc6 22.b5 axb5 23.axb5 Nc5 24.bxc6 Qb6 25.Rab1 Qa7 
26.Nb5 Qb6 27.Qxd6 Ra2 28.c7 1-0

[Event "HCL-C289"]
[Site "www.playchess.de"]
[Date "2001.04.19"]
[Round "15"]
[White "Tim"]
[Black "MEATHEAD"]
[WhiteElo "1000"]
[BlackElo "794"]
[PlyCount "146"]
[Result "1/2-1/2"]

1.d4 d5 2.e3 c6 3.Nf3 Bg4 4.h3 Bxf3 5.gxf3 e6 6.f4 
Nf6 7.f3 Bd6 8.Rh2 Nh5 9.Rg2 Qh4+ 10.Rf2 Bb4+ 
11.c3 Be7 12.Qc2 Qg3 13.Kd1 Qg1 14.Qe2 Bh4 15.Rg2 
Qh1 16.Rh2 Qg1 17.Rg2 Qh1 18.Rh2 Qg1 {were never 
gonna get anywhere, are we???}  19.Qg2 Qxg2 {thank 
you}  20.Rxg2 Nd7 21.Rg4 Bf6 22.e4 dxe4 23.fxe4 
O-O 24.e5 Be7 25.Be2 g6 26.Be3 Rad8 27.Nd2 b5 
28.Rg2 Ng7 29.a3 a5 30.b4 Rda8 31.Nb3 axb4 32.axb4 
Rxa1+ 33.Nxa1 Ra8 34.Nc2 Ra2 35.Bf3 Nb8 36.Be4 Nf5 
37.Bc1 h6 38.Ne3 Nxe3+ 39.Bxe3 Rxg2 40.Bxg2 g5 
41.Ke2 f6 42.Kf3 fxe5 43.dxe5 Nd7 44.Ke4 c5 45.Bd2 
cxb4 46.cxb4 Kf7 47.Bf1 Nb6 48.Bxb5 gxf4 49.Bxf4 
h5 50.Bd2 h4 51.Be2 Nd5 52.Bh5+ Kg7 53.Kf3 Kh7 
54.Kg4 Nxb4 55.Bg5 Bxg5 {care for a draw or what?} 
 56.Kxg5 Kg7 57.Kxh4 Nd3 {draw?}  58.Kg5 Nxe5 
59.h4 Nc6 60.Kf4 e5+ 61.Kf5 Kh6 62.Bg4 Kg7 63.h5 
Kh6 64.Ke4 Kg5 65.Bd1 Kh6 66.Kd5 Nb4+ 67.Kxe5 Nd3+ 
68.Kd4 Nf4 69.Ke5 Nxh5 70.Bxh5 Kxh5 {about time!!} 
 71.Kf4 Kg6 {are we gonna dance around all day, or 
are we gonna draw buddy???}  72.Kg4 Kf6 {draw draw 
draw draw!!!!}  73.Kf4 Ke6 {why dont u wanna draw 
man??}  1/2-1/2

[Event "HCL-A138"]
[Site "www.playchess.de"]
[Date "2001.04.19"]
[Round "8"]
[White "abed"]
[Black "desabu"]
[WhiteElo "1768"]
[BlackElo "1700"]
[PlyCount "25"]
[Result "1-0"]

1.e4 {hello}  e5 {good luck}  2.f4 exf4 3.Nf3 d6 
4.d4 g5 5.Bc4 g4 6.O-O gxf3 7.Qxf3 Be6 8.Bxe6 fxe6 
9.Bxf4 Qd7 10.Nc3 Nh6 11.Bxh6 Be7 12.Bg7 Rg8 
13.Qf7+ 1-0

[Event "HCL-A138"]
[Site "www.playchess.de"]
[Date "2001.04.19"]
[Round "21"]
[White "One_i"]
[Black "dado"]
[WhiteElo "1646"]
[BlackElo "1700"]
[PlyCount "39"]
[Result "1-0"]

1.d4 {Good luck to you from Canada}  Nf6 2.Nf3 d5 
3.Bf4 Bf5 4.e3 Ne4 5.Bd3 e6 6.Nbd2 c5 7.Bb5+ Nc6 
8.Ne5 Qb6 9.Bxc6+ bxc6 10.O-O cxd4 11.Nxe4 Bxe4 
12.b3 dxe3 13.Bxe3 Qb7 14.f3 Bd6 15.Nxf7 Qxf7 
16.fxe4 Qc7 17.Qh5+ g6 18.Qh3 Be5 19.Qxe6+ Kd8 
20.Bg5+ 1-0

[Event "HCL-A141"]
[Site "www.playchess.de"]
[Date "2001.04.19"]
[Round "8"]
[White "Translightor"]
[Black "LUPES"]
[WhiteElo "1408"]
[BlackElo "1817"]
[PlyCount "88"]
[Result "0-1"]

1.e4 {Hallo mal wieder!}  e5 {Ja,ich grüße Dich! 
Auf ein tolles Match.}  2.Nf3 {Ich werde 
versuchen, mich etwas besser zu halten als in der 
ersten Partie.}  Nc6 {Na,Na-war doch ein gutes 
Match...auch von Dir!}  3.Bb5 {Na ja, am Ende 
hattest Du ja wohl die Nase (bzw. die Bauern) 
vorn!}  a6 {Ja,Gott sei Dank!}  4.Ba4 {Neues 
Spiel, neues Glück! Diesmal habe ich Weiß...}  Nf6 
{Passt mir nicht so richtig!}  5.O-O {Dass ich 
Weiß habe? ;)}  Bc5 {Yo,ist aber ausgleichende 
Gerechtigkeit!}  6.c3 {Du hast Dich NACH mir 
eingetragen, dann darfst Du jetzt auch nicht 
mosern!}  b5 7.Bb3 Bb6 8.a4 Bb7 9.d3 O-O 10.Bg5 
bxa4 {Ist ja echt Wahnsinn,was Du alles an Spiele 
zu laufen hast!!Viel Glück dabei-Dauerbrenner!!}  
11.Bxa4 {Familienersatz und Kündigungsgrund! Zum 
Glück bin ich Selbständiger...}  d6 {Na ja,ich 
wünsch Dir auf alle Fälle:immer GUT HOLZ!!}  
12.Na3 {Je mehr Partien man hat, um so größer ist 
die Chance, dass auch mal eine gelingt!}  h6 {Den 
Spruch muß ich mir merken!!!!!(?)}  13.Bh4 {Gerade 
ist A134-1 fertig geworden: lange mit einer 
Mehrfigur gezittert, und am Ende hübsch gekontert} 
 Bc5 {Gratuliere! *Ich schau es mir Morgen mal 
an,und die Kritik folgt dann!! Tschüß-ich nehm ne 
Mütze!!}  14.Nc2 {Angenehme Träume! Vielleicht 
kannst Du mir ja eine Deiner Partien zur Lektüre 
empfehlen.}  Qb8 {HCL-B202-15/LUPES-Class58 Dieses 
Match ist ein Blick wert!}  15.b4 {Gegen Class58 
verliere ich gerade nach mehr als 70 Zügen 
(B202-11). Sch...partie!}  Bb6 {Egal!! Trotzdem 
ein klasse Megafight(tolle Partie)!}  16.Bb3 {Du 
hast gegen ihn ja gute Chancen, am Königsflügel 
aufzuräumen.}  g5 {Ja,gut gesehen! Ist ne schwere 
Kiste.}  17.Bg3 {Und was ist der versprochenen 
Kritik meiner Zitterpartie?}  a5 {Sorry!! Hab mir 
in der Eile den Partiecode-Nr.? nicht 
notiert!(??)}  18.b5 {A134-1}  Na7 {Alles 
klar-danke!}  19.Bc4 {Hier spielen sich auf den 
Flügeln auch ganz interessante Dinge ab.}  Qe8 
{Yoo,hab mir Dein Match mal angesehen.Sehr 
interessant,aber nicht ganz um-umstritten!!! 
Klasse Sieg!!}  20.Qb1 {Sicherlich glücklich für 
mich. Oft gab es für mich trotz Mehrfigur nur 
einen einzigen Zug!}  Nh5 {Dein Sieg ging klar 
i.o.!! Dein Gegner war sehr opferbereit!(??)}  
21.Re1 {Er hatte einmal Remis angeboten, und mir 
ging die Muffe. Ich dachte aber: Im Notfall 
zurückopfern!}  Nxg3 {Das Mittelspiel war ja hart 
umkämpft,aber das Ende war ne klare Sache! 
Gratuliere!!}  22.hxg3 {Eine andere Partie mit 
ungewöhnlichem Materialverhältnis habe ich gegen 
waz2000 (A131-19),}  Nc8 {Ich schau mal rein!}  
23.d4 exd4 {A131-19:Trotz Deiner Bauernmacht,minus 
2 Offiziere(verdammt schwer)!Zuviel des 
Guten!?(aber wer weiß}  24.Ncxd4 {Jetzt hast Du 
mich aber erschreckt! Ich habe dort nur einen 
Klotz weniger! Das reicht!}  Ne7 {Ich hoff Du 
wirst mir es nicht arg nachtragen,hab Dir doch 
glatt ein Läufer unterschlagen!(Sorry)!!!}  25.Qd3 
{Bin zutiefst beleidigt und habe mir eine fiese 
Strafe für Dich ausgedacht (s.Chat zum nächsten 
Zug).}  Kh8 {Na logo,der Vorteil(A131-19)wird Dir 
reichen,falls Du nicht noch quer schießt!?}  
26.Nf5 {Die Strafe: Ich verrate Dir nicht, gegen 
welchen 1100er ich gestern einzügig einen T 
eingestellt hab}  Nxf5 {Jetzt spann mich doch 
nicht auf die Folter,sonst muß ich ja ewig suchen! 
Ostereier,oder so!?}  27.exf5 {Die Partie hat eh 
keinen Wert außer zu zeigen, was für große Eier 
ich manchmal lege.}  Qd8 {Du Schmalspurschnüffler!! 
Stapple doch nicht immer so tief!?Spielst doch ne 
gute Kelle!!}  28.Nd4 {Nette Bezeichnung. Sagen 
wir lieber: Ich nutze die gesamte Bandbreite aller 
möglichen Spielniveaus.}  Qf6 {Yo,und das machst 
Du eigentlich ganz gut.}  29.g4 {Von diversen 
Ausnahmen abgesehen, aber das geht wohl jedem so.} 
 Rfe8 {Kann ich bestätigen!}  30.Re3 {Manchmal 
wird man auch einfach abgeledert, wie ich von 
janus (A134/2).}  Rxe3 {Ach mein alter Rivale 
Rüdiger.Wir haben bei schachspiel.de schon oft die 
Klingen gekreuzt!}  31.Qxe3 {Ich hatte gegen ihn 
nicht die Spur einer Chance. Vielleicht die 
falsche Eröffnung (Königsgambit)!}  a4 32.Qd2 Bc5 
33.Qd1 a3 34.Nb3 Bb6 35.Qc1 Ra4 36.Nd2 {Meine 
Bauernwalze in A131-19 hat tatsächlich Erfolg 
gehabt!}  d5 {Ja,Du stehst spitzenmäßig!Hartnäckigkeit 
zahlt sich halt aus!!(Super gg.)}  37.Be2 {Ja, das 
ist dort eine von den Partien, die so richtig Spaß 
machen!}  Qe7 38.Qd1 Qc5 39.Qe1 {Hier neigt sich 
die Waage nun deutlich zu Deinen Gunsten.}  Qxc3 
{Ja,aber ich stand lange Zeit echt 
bescheiden!(unter aller Kanone)!!}  40.Bf3 {Mag 
sein, aber mir ging der Plan schon vor längerer 
Zeit abhanden. (Diese Bauernstellung!)}  Kg7 {Eine 
etwas verrückte Partie}  41.Rc1 Qd4 42.Nb3 Qb2 {So 
was auch von lästig-Du Ladykiller!(Meine Dame hats 
nicht leicht)}  43.Rb1 {Jammer' Du nur in Deiner 
Stellung! Soll ich Dir vor Mitleid etwa Remis 
anbieten?}  Bxf2+ {Ups!!!(?????) Was war denn das 
für ein Zug!? Remis-neeee!!!}  44.Qxf2 {Tja, dann 
muss ich meine Energie wohl auf die nächste Partie 
gegen Dich konzentrieren. Glückwunsch!}  Qxb1+ 
{Danke(uff!).War trotzdem ein verrückt heißes 
Match!!}  0-1

[Event "HCL-A128"]
[Site "www.playchess.de"]
[Date "2001.04.19"]
[Round "9"]
[White "bundori"]
[Black "Gruhni"]
[WhiteElo "1716"]
[BlackElo "1300"]
[PlyCount "61"]
[Result "1-0"]

1.c4 c5 2.Nc3 Nc6 3.g3 d6 4.Bg2 g6 5.e4 Bg7 6.Nge2 
Nf6 7.O-O O-O 8.d3 e5 9.h3 Nd4 10.Be3 Nxe2+ 
11.Nxe2 Ne8 12.Qd2 Nc7 13.f4 exf4 14.Nxf4 Ne6 
15.Nd5 Nc7 16.d4 Nxd5 17.exd5 cxd4 18.Bxd4 Bxd4+ 
19.Qxd4 b6 20.Rf6 Ba6 21.b3 Qd7 22.Qf4 Rae8 
23.Rxd6 Qe7 24.Rf6 Qe3+ 25.Qxe3 Rxe3 26.Rf3 Rfe8 
27.Rxe3 Rxe3 28.Rd1 Rxg3 29.d6 Bb7 30.d7 Rxg2+ 
31.Kf1 1-0

[Event "HCL-A128"]
[Site "www.playchess.de"]
[Date "2001.04.19"]
[Round "12"]
[White "jimmyaaa"]
[Black "Bauernopfer"]
[WhiteElo "2150"]
[BlackElo "1416"]
[PlyCount "33"]
[Result "1-0"]

1.e4 e5 2.Nf3 Nc6 3.Bb5 Nge7 4.O-O a6 5.Ba4 d6 
6.c3 g6 7.d4 b5 8.Bb3 exd4 9.Ng5 d5 10.exd5 Nxd5 
11.Re1+ Be6 12.Qf3 Nce7 13.Rxe6 fxe6 14.Qf7+ Kd7 
15.Qxe6+ Ke8 16.Qf7+ Kd7 17.Bxd5 1-0

[Event "HCL-A128"]
[Site "www.playchess.de"]
[Date "2001.04.19"]
[Round "13"]
[White "Gruhni"]
[Black "jimmyaaa"]
[WhiteElo "1300"]
[BlackElo "2150"]
[PlyCount "38"]
[Result "0-1"]

1.e4 e6 2.d4 d5 3.e5 c5 4.c3 Nc6 5.Nf3 Qb6 6.Be2 
cxd4 7.cxd4 Nh6 8.b3 Nf5 9.Be3 Bb4+ 10.Kf1 Nxe3+ 
11.fxe3 Bd7 12.Kf2 Rc8 13.Nbd2 O-O 14.a3 Be7 15.b4 
f6 16.exf6 Bxf6 17.Rf1 Bxd4 18.exd4 Nxd4 19.Ke1 
Nc2+ 0-1

[Event "HCL-C303"]
[Site "www.playchess.de"]
[Date "2001.04.19"]
[Round "7"]
[White "fossa"]
[Black "ABE"]
[WhiteElo "982"]
[BlackElo "1000"]
[PlyCount "32"]
[Result "0-1"]

1.e3 e5 2.c4 Nf6 3.Nc3 Bb4 4.Qa4 Bxc3 5.bxc3 O-O 
6.Nf3 Nc6 7.Ba3 d6 8.c5 a6 9.Be2 Bd7 10.cxd6 cxd6 
11.Bxd6 Nd4 12.Qa3 Nc2+ {jaque}  13.Kd1 Nxa3 
14.Bxf8 Ba4+ 15.Ke1 Kxf8 16.Bd3 
e4 0-1

[Event "HCL-A140"]
[Site "www.playchess.de"]
[Date "2001.04.19"]
[Round "14"]
[White "Gorodish"]
[Black "Rparkes"]
[WhiteElo "1860"]
[BlackElo "1671"]
[PlyCount "49"]
[Result "1/2-1/2"]

1.d4 d5 2.f4 Nf6 3.g3 Bf5 4.Bg2 e6 5.a3 Nc6 6.e3 
Bd6 7.Nf3 O-O 8.O-O Ne4 9.Nbd2 Bg4 10.Qe1 Bxf3 
11.Bxf3 f5 12.Nxe4 dxe4 13.Be2 Ne7 14.Bc4 Nd5 
15.Bxd5 exd5 16.Qe2 Qf6 17.c4 c6 18.cxd5 cxd5 
19.Qb5 Qf7 20.Bd2 a6 21.Qb6 Bc7 22.Qb3 Bd6 23.Rfc1 
Rfc8 24.Qb6 Bf8 25.Qb3 1/2-1/2